00543nam a22002057a 450000500170000001000130001702000100003003500130004003700160005304000120006908200160008110000190009724500730011626000330018927000270022230000210024950000200027065000240029065000230031420170124105957.0 aA-408584 c00.00 aA-408584 bCen Lib/Ret aDPLbEN a342.54bSAH aSaharay, H. K. aCases and materials on the constitution of India /cby H. K. Saharay aBombaybN. M. Tripathic1987 aBombaybBombaye400004 a742p. c21cm(Hb) aIncludes index zIndiaaConstitution aConstitutional law